[Event "Sueca op 7th"]
[Site "Sueca"]
[Date "2023.08.08"]
[Round "2"]
[White "Benedito Salavert, Jaime"]
[Black "Montalban Galvez, Antonio"]
[Result "0-1"]
[WhiteElo "1825"]
[BlackElo "2141"]
[PlyCount "46"]
[EventDate "2023.08.07"]
[EventType "swiss"]
[EventRounds "9"]
[EventCountry "ESP"]
[SourceTitle "CBM 215 Extra"]
[Source "ChessBase"]
[SourceDate "2023.09.30"]
[SourceVersion "1"]
[SourceVersionDate "2023.09.30"]
[SourceQuality "1"]

1. d4 Nf6 2. c4 g6 3. Nc3 d5 4. Nf3 Bg7 5. Bf4 0-0 6. e3 c5 7. Be2 cxd4 8. Nxd4 Re8 9. cxd5 Nxd5 10. Nxd5 Qxd5 11. 0-0 a6 12. Bf3 Qa5 13. Nb3 Qb6 14. e4 Nc6 15. Be3 Qc7 16. Qc2 Qb8 17. Rfd1 Ne5 18. Be2 Be6 19. Nc5 Rc8 20. Qa4 b5 21. Qb4 Bc4 22. Bxc4 bxc4 23. Qa3 Ng4 0-1

[Event "Valencia CEX-CAA 4th"]
[Site "Valencia"]
[Date "2019.11.23"]
[Round "6.2"]
[White "Isern Navarro, Juan Jose"]
[Black "Benedito Salavert, Jaime"]
[Result "0-1"]
[WhiteElo "1442"]
[BlackElo "1896"]
[PlyCount "64"]
[EventDate "2019.10.19"]
[EventType "swiss"]
[EventRounds "7"]
[EventCountry "ESP"]
[SourceTitle "EXT 2024"]
[Source "ChessBase"]
[SourceDate "2023.10.10"]
[SourceVersion "1"]
[SourceVersionDate "2023.10.10"]
[SourceQuality "1"]

1. e4 d6 2. d4 Nf6 3. Bd3 g6 4. h3 Nbd7 5. Nf3 Bg7 6. Be3 c5 7. c3 Qc7 8. Na3 a6 9. 0-0 b5 10. Rc1 Bb7 11. Nd2 0-0 12. b3 d5 13. e5 Ne4 14. Nab1 f5 15. f4 Rac8 16. c4 cxd4 17. Bxd4 Qa5 18. Rc2 Ndc5 19. Nf3 dxc4 20. bxc4 Rfd8 21. cxb5 axb5 22. Bxc5 Rxc5 23. Ne1 Qb6 24. Kh2 g5 25. Rxc5 Nxc5 26. Qe2 Nxd3 27. Nxd3 Qd4 28. Rd1 Qe4 29. Nc3 Qxe2 30. Nxe2 gxf4 31. Nexf4 Bxe5 32. Rb1 Rxd3 0-1

[Event "Valencia CEX-CAA 4th"]
[Site "Valencia"]
[Date "2019.11.16"]
[Round "5.1"]
[White "Benedito Salavert, Jaime"]
[Black "Martinez Villena, David"]
[Result "1/2-1/2"]
[WhiteElo "1896"]
[BlackElo "2002"]
[PlyCount "119"]
[EventDate "2019.10.19"]
[EventType "swiss"]
[EventRounds "7"]
[EventCountry "ESP"]
[SourceTitle "EXT 2024"]
[Source "ChessBase"]
[SourceDate "2023.10.10"]
[SourceVersion "1"]
[SourceVersionDate "2023.10.10"]
[SourceQuality "1"]

1. b3 Nf6 2. Bb2 g6 3. Nf3 Bg7 4. d3 d5 5. Nbd2 0-0 6. e4 e6 7. Be2 c5 8. 0-0 Nc6 9. Ne5 Qc7 10. Nxc6 Qxc6 11. e5 Nd7 12. f4 f6 13. Nf3 fxe5 14. Nxe5 Nxe5 15. Bxe5 Bxe5 16. fxe5 Bd7 17. Qd2 Qc7 18. d4 cxd4 19. Qxd4 Qxc2 20. Bd3 Qd2 21. Rfd1 Qf4 22. Qxf4 Rxf4 23. Rac1 Bc6 24. a3 Raf8 25. b4 Ba4 26. Re1 R8f7 27. Rc5 b6 28. Rc3 Rd4 29. Bf1 Kg7 30. b5 Rdf4 31. Bd3 Rd4 32. Bf1 Bd1 33. h3 g5 34. Rc6 Re7 35. Re3 Kf7 36. Rd3 Rxd3 37. Bxd3 h6 38. Kf2 Bh5 39. Ke3 Bg6 40. Be2 Be4 41. Bh5+ Kg7 42. g3 Bg2 43. Kf2 Be4 44. Ke3 Bf5 45. h4 gxh4 46. gxh4 Bh3 47. Rc8 Bf1 48. Be8 Kh7 49. h5 Kg7 50. Kd4 Bh3 51. Ke3 Bf5 52. Kd4 Bh7 53. Bc6 Bg8 54. Be8 Bf7 55. Bxf7 Rxf7 56. Rc6 Rf4+ 57. Kd3 Rf3+ 58. Kd4 Rf4+ 59. Kd3 Rf3+ 60. Kd4 1/2-1/2

[Event "Valencia CEX-CAA 4th"]
[Site "Valencia"]
[Date "2019.10.26"]
[Round "2.5"]
[White "Navarro Cosme, Tomas"]
[Black "Benedito Salavert, Jaime"]
[Result "0-1"]
[WhiteElo "1617"]
[BlackElo "1896"]
[PlyCount "49"]
[EventDate "2019.10.19"]
[EventType "swiss"]
[EventRounds "7"]
[EventCountry "ESP"]
[SourceTitle "EXT 2024"]
[Source "ChessBase"]
[SourceDate "2023.10.10"]
[SourceVersion "1"]
[SourceVersionDate "2023.10.10"]
[SourceQuality "1"]

1. e4 c6 2. d4 d5 3. Nc3 dxe4 4. Nxe4 Nf6 5. Nxf6+ exf6 6. Bc4 Qe7+ 7. Qe2 Be6 8. Be3 Qb4+ 9. c3 Qxc4 10. Qc2 Bd6 11. Ne2 0-0 12. h3 Re8 13. 0-0 Nd7 14. b3 Qd5 15. Rad1 Qh5 16. Nf4 Bxf4 17. Bxf4 Bf5 18. Qc1 Qg6 19. Kh1 Re2 20. Rd2 Rae8 21. Bd6 h5 22. Qd1 Be4 23. Rg1 Rxd2 24. Qxd2 Qf5 25. Bc7 0-1

[Event "Xativa Murta op 4th"]
[Site "Xativa"]
[Date "2018.07.20"]
[Round "7"]
[White "Benedito Salavert, Jaime"]
[Black "Lopez Gonzalez, Alfonso"]
[Result "0-1"]
[WhiteElo "1897"]
[BlackElo "2041"]
[PlyCount "82"]
[EventDate "2018.07.16"]
[EventType "swiss"]
[EventRounds "7"]
[EventCountry "ESP"]
[SourceTitle "CBM 185 Extra"]
[Source "ChessBase"]
[SourceDate "2018.07.29"]
[SourceVersion "1"]
[SourceVersionDate "2018.07.29"]
[SourceQuality "1"]

1. d4 d5 2. Nf3 Nf6 3. e3 c6 4. Bd3 g6 5. Nbd2 Bg7 6. 0-0 0-0 7. b3 a5 8. c4 Na6 9. a3 Nc7 10. Bb2 Nce8 11. Qc2 Nd6 12. Ne5 Bf5 13. f3 Bxd3 14. Qxd3 Nd7 15. e4 Nxe5 16. dxe5 dxe4 17. fxe4 Ne8 18. Qe3 Qb8 19. Nf3 Nc7 20. Rad1 Ne6 21. Rd7 Re8 22. Rfd1 b5 23. R1d2 bxc4 24. bxc4 c5 25. R7d5 Ra6 26. a4 Qb4 27. Ba3 Qxc4 28. Bxc5 Qxa4 29. h4 h6 30. Kh2 Qc6 31. Nd4 Nxd4 32. Qxd4 Raa8 33. Rd7 Qe6 34. Rd5 Kh7 35. Rf2 a4 36. Ba3 Red8 37. Rxf7 Qxf7 38. Rxd8 Bxe5+ 39. Qxe5 Rxd8 40. Bb2 Qf6 41. Qb5 Qxh4+ 0-1

[Event "Xativa Murta op 4th"]
[Site "Xativa"]
[Date "2018.07.19"]
[Round "6"]
[White "Torres Sanchez, Jose"]
[Black "Benedito Salavert, Jaime"]
[Result "1-0"]
[WhiteElo "2357"]
[BlackElo "1897"]
[PlyCount "41"]
[EventDate "2018.07.16"]
[EventType "swiss"]
[EventRounds "7"]
[EventCountry "ESP"]
[SourceTitle "CBM 185 Extra"]
[Source "ChessBase"]
[SourceDate "2018.07.29"]
[SourceVersion "1"]
[SourceVersionDate "2018.07.29"]
[SourceQuality "1"]

1. e4 g6 2. d4 Bg7 3. c3 d6 4. f4 Nf6 5. e5 Ng4 6. Nf3 h5 7. Bc4 e6 8. 0-0 Nd7 9. Ng5 Nb6 10. Bb3 0-0 11. Qe2 c5 12. dxc5 dxc5 13. Nd2 Nxe5 14. fxe5 Qxg5 15. Nf3 Qe7 16. Bg5 Qc7 17. c4 Nd7 18. Rae1 b6 19. Be7 Nxe5 20. Bxf8 Nxf3+ 21. Qxf3 1-0

[Event "Valencia Region-ch"]
[Site "Valencia"]
[Date "2015.11.14"]
[Round "6.17"]
[White "Picornell Morant, Juan Enrique"]
[Black "Benedito Salavert, Jaime"]
[Result "1-0"]
[WhiteElo "1944"]
[BlackElo "1971"]
[PlyCount "87"]
[EventDate "2015.10.03"]
[EventType "swiss"]
[EventRounds "7"]
[EventCountry "ESP"]
[SourceTitle "EXT 2024"]
[Source "ChessBase"]
[SourceDate "2023.10.10"]
[SourceVersion "1"]
[SourceVersionDate "2023.10.10"]
[SourceQuality "1"]

1. e4 g6 2. d4 d6 3. Nc3 Bg7 4. f4 Nf6 5. Nf3 0-0 6. Bd3 Na6 7. 0-0 c5 8. d5 Bg4 9. h3 Bxf3 10. Qxf3 Nd7 11. Be3 Nb4 12. Qe2 a6 13. a4 Qc7 14. Bc4 Nb6 15. Ba2 Nxa2 16. Rxa2 f5 17. exf5 gxf5 18. g4 Kh8 19. Qd3 Rae8 20. gxf5 Qd7 21. a5 Na8 22. Ne2 Qxf5 23. Qxf5 Rxf5 24. c4 e6 25. Nc3 Rf7 26. dxe6 Rxe6 27. Bc1 Bd4+ 28. Kh2 Nc7 29. b3 d5 30. f5 Re8 31. Bf4 Be5 32. Re2 Bxf4+ 33. Rxf4 dxc4 34. Rxe8+ Nxe8 35. Rxc4 Rc7 36. Ne4 Kg8 37. Rxc5 Rxc5 38. Nxc5 Nd6 39. Kg3 Kf7 40. Kf4 Nb5 41. Nxb7 Nd4 42. Nc5 Nc6 43. Nxa6 Nxa5 44. b4 1-0

[Event "Valencia Provincial-ch"]
[Site "Valencia"]
[Date "2014.11.15"]
[Round "6"]
[White "Ribes Peris, Alvaro"]
[Black "Benedito Salavert, Jaime"]
[Result "0-1"]
[WhiteElo "2052"]
[BlackElo "1914"]
[PlyCount "60"]
[EventDate "2014.09.27"]
[EventType "swiss"]
[EventRounds "7"]
[EventCountry "ESP"]
[SourceTitle "EXT 2016"]
[Source "ChessBase"]
[SourceDate "2015.10.08"]
[SourceVersion "1"]
[SourceVersionDate "2015.10.08"]
[SourceQuality "1"]

1. d4 Nf6 2. c4 e6 3. Nc3 c5 4. d5 exd5 5. cxd5 d6 6. e4 g6 7. Bb5+ Nbd7 8. a4 Bg7 9. f4 0-0 10. Nf3 a6 11. Be2 Re8 12. 0-0 Nxe4 13. Nxe4 Rxe4 14. f5 Ne5 15. fxg6 hxg6 16. Ng5 Rd4 17. Qc2 Bf6 18. Nxf7 Kxf7 19. Bg5 Bf5 20. Rxf5 gxf5 21. Qxf5 Kg7 22. Be3 Qd7 23. Bh6+ Kxh6 24. Qxf6+ Ng6 25. Ra3 Rh4 26. Rg3 Qg7 27. Qg5+ Kh7 28. Bd3 Rh6 29. Kh1 Re8 30. Qg4 Re1+ 0-1

[Event "Valencia Provincial-ch"]
[Site "Valencia"]
[Date "2014.10.04"]
[Round "2"]
[White "Torres Sanchez, Jose"]
[Black "Benedito Salavert, Jaime"]
[Result "1-0"]
[WhiteElo "2277"]
[BlackElo "1914"]
[PlyCount "85"]
[EventDate "2014.09.27"]
[EventType "swiss"]
[EventRounds "7"]
[EventCountry "ESP"]
[SourceTitle "EXT 2016"]
[Source "ChessBase"]
[SourceDate "2015.10.08"]
[SourceVersion "1"]
[SourceVersionDate "2015.10.08"]
[SourceQuality "1"]

1. c4 c6 2. Nf3 d5 3. Qc2 Nf6 4. e3 Nbd7 5. d4 g6 6. Nc3 Bg7 7. cxd5 cxd5 8. Nb5 0-0 9. Nc7 Rb8 10. Bd2 Nb6 11. Bd3 Bg4 12. Nb5 Rc8 13. Qb3 Bxf3 14. gxf3 Nc4 15. Rc1 Nxd2 16. Kxd2 Rxc1 17. Kxc1 Qb6 18. Qa3 Rc8+ 19. Kb1 a6 20. Nc3 Qc7 21. Qb3 e5 22. Ne2 Qe7 23. dxe5 Qxe5 24. Nd4 Qc7 25. h3 b5 26. a3 Qc5 27. Rg1 Nd7 28. Bf5 Rc7 29. Bxd7 Rxd7 30. Rc1 Qd6 31. Rc6 Qe7 32. Rc8+ Bf8 33. Qc3 Qd6 34. f4 Rb7 35. b4 a5 36. Qc5 Kg7 37. Qxd6 Bxd6 38. bxa5 Bxa3 39. a6 Ra7 40. Rc6 Be7 41. Nxb5 Ra8 42. a7 Bd8 43. Kc2 1-0

[Event "Alzira op"]
[Site "Alzira"]
[Date "2014.08.27"]
[Round "9"]
[White "Benedito Salavert, Jaime"]
[Black "Boj Marques, Javier"]
[Result "0-1"]
[WhiteElo "1914"]
[BlackElo "1950"]
[PlyCount "46"]
[EventDate "2014.08.22"]
[EventType "swiss"]
[EventRounds "9"]
[EventCountry "ESP"]
[SourceTitle "EXT 2016"]
[Source "ChessBase"]
[SourceDate "2015.10.08"]
[SourceVersion "1"]
[SourceVersionDate "2015.10.08"]
[SourceQuality "1"]

1. Nf3 Nf6 2. c4 g6 3. Nc3 Bg7 4. d4 0-0 5. g3 d6 6. Bg2 Nc6 7. e4 a6 8. 0-0 Rb8 9. Qe2 Bg4 10. Be3 e5 11. Qd2 Bxf3 12. Bxf3 exd4 13. Bxd4 Nxe4 14. Bxe4 Nxd4 15. Ne2 Re8 16. Nxd4 Rxe4 17. Ne2 Rxc4 18. Rac1 Rxc1 19. Rxc1 c6 20. b3 d5 21. Kg2 Qe7 22. Nf4 Re8 23. Rd1 Bh6 0-1

[Event "Alzira op"]
[Site "Alzira"]
[Date "2014.08.25"]
[Round "6"]
[White "Benedito Salavert, Jaime"]
[Black "Morello Ostos, Domingo"]
[Result "1-0"]
[WhiteElo "1914"]
[BlackElo "1977"]
[PlyCount "71"]
[EventDate "2014.08.22"]
[EventType "swiss"]
[EventRounds "9"]
[EventCountry "ESP"]
[SourceTitle "EXT 2016"]
[Source "ChessBase"]
[SourceDate "2015.10.08"]
[SourceVersion "1"]
[SourceVersionDate "2015.10.08"]
[SourceQuality "1"]

1. Nf3 Nf6 2. c4 g6 3. g3 Bg7 4. Bg2 d6 5. d4 0-0 6. Nc3 c5 7. 0-0 Na6 8. e4 Bg4 9. e5 Nd7 10. exd6 exd6 11. Be3 Qb6 12. Qd2 Qb4 13. a3 Qxc4 14. Ne5 Nxe5 15. dxe5 Bxe5 16. Bd5 Bxc3 17. bxc3 Qa4 18. Bh6 Nc7 19. Bxb7 Qd7 20. Bxf8 Rxf8 21. Bg2 Rb8 22. Rab1 Rb6 23. Rfe1 Be6 24. Qg5 Nb5 25. Qf6 Bf5 26. Rb2 d5 27. Qh4 Nxc3 28. Rxb6 axb6 29. Qf6 d4 30. Re7 Ne2+ 31. Kh1 Qxe7 32. Qxe7 d3 33. Bf1 Bg4 34. Qd8+ Kg7 35. Qxd3 c4 36. Qe4 1-0

[Event "Provincial-ch Valencia"]
[Site "Valencia"]
[Date "2013.11.23"]
[Round "7"]
[White "Guillem Mora, Carlos"]
[Black "Benedito Salavert, Jaime"]
[Result "0-1"]
[WhiteElo "1904"]
[BlackElo "1922"]
[PlyCount "64"]
[EventDate "2013.10.05"]
[EventType "swiss"]
[EventRounds "7"]
[EventCountry "ESP"]
[SourceTitle "EXT 2024"]
[Source "ChessBase"]
[SourceDate "2023.10.10"]
[SourceVersion "1"]
[SourceVersionDate "2023.10.10"]
[SourceQuality "1"]

1. d4 Nf6 2. Nf3 e6 3. Bf4 c5 4. c3 b6 5. e3 Bb7 6. Bd3 Be7 7. Nbd2 Nh5 8. Bg3 Nxg3 9. hxg3 cxd4 10. exd4 h6 11. Ne5 d6 12. Bb5+ Kf8 13. Nd3 Nd7 14. Qe2 Qc7 15. Nf3 Bf6 16. 0-0-0 a6 17. Ba4 b5 18. Bb3 d5 19. g4 Ke7 20. Kb1 a5 21. a3 Qd6 22. Nh4 Bxh4 23. Rxh4 Ba6 24. Qe3 b4 25. Nf4 Nb6 26. axb4 Bc4 27. Bxc4 Nxc4 28. Qc1 axb4 29. Rh5 b3 30. Nxd5+ exd5 31. Re1+ Kd7 32. Rxd5 Qxd5 0-1

[Event "Provincial-ch Valencia"]
[Site "Valencia"]
[Date "2013.11.09"]
[Round "5.7"]
[White "Rodriguez Valencoso, Juan Carlos"]
[Black "Benedito Salavert, Jaime"]
[Result "1/2-1/2"]
[WhiteElo "2171"]
[BlackElo "1922"]
[PlyCount "85"]
[EventDate "2013.10.05"]
[EventType "swiss"]
[EventRounds "7"]
[EventCountry "ESP"]
[SourceTitle "EXT 2024"]
[Source "ChessBase"]
[SourceDate "2023.10.10"]
[SourceVersion "1"]
[SourceVersionDate "2023.10.10"]
[SourceQuality "1"]

1. e4 d6 2. Nc3 Nf6 3. f4 c5 4. Nf3 a6 5. g3 Nc6 6. Bg2 g6 7. d3 Bg7 8. 0-0 Bg4 9. h3 Bxf3 10. Qxf3 Nd7 11. Nd5 e6 12. Ne3 0-0 13. c3 Rc8 14. f5 Nde5 15. Qd1 b5 16. Kh1 Nd7 17. Ng4 h5 18. Nh6+ Kh7 19. fxe6 Bxh6 20. exd7 Qxd7 21. Bxh6 Kxh6 22. Qd2+ Kg7 23. d4 cxd4 24. cxd4 Qa7 25. Rad1 Qe7 26. Kh2 Qa7 27. Qf4 Qe7 28. Qd2 Qa7 29. Bf3 Qe7 30. Rfe1 Qf6 31. Rf1 Qe7 32. Rde1 Qa7 33. Rd1 Qe7 34. Rc1 Qa7 35. Rfd1 Nxd4 36. Bg2 Rxc1 37. Rxc1 Qb6 38. Rd1 Ne6 39. Qxd6 Qxd6 40. Rxd6 Rc8 41. Rd7 Rd8 42. Rd5 Kf8 43. Rxd8+ 1/2-1/2

[Event "Provincial-ch Valencia"]
[Site "Valencia"]
[Date "2012.11.17"]
[Round "6"]
[White "Benedito Salavert, Jaime"]
[Black "Moreno Torralba, David"]
[Result "0-1"]
[WhiteElo "1928"]
[BlackElo "2074"]
[PlyCount "60"]
[EventDate "2012.10.06"]
[EventType "swiss"]
[EventRounds "7"]
[EventCountry "ESP"]
[SourceTitle "EXT 2024"]
[Source "ChessBase"]
[SourceDate "2023.10.10"]
[SourceVersion "1"]
[SourceVersionDate "2023.10.10"]
[SourceQuality "1"]

1. Nf3 Nf6 2. c4 e6 3. g3 d5 4. Bg2 c6 5. 0-0 Nbd7 6. d3 Be7 7. Nc3 0-0 8. d4 Bd6 9. e4 Nxe4 10. Nxe4 dxe4 11. Ng5 Be7 12. Nxe4 Nb6 13. b3 Bd7 14. Qe2 Nc8 15. Rd1 Nd6 16. Bb2 Nxe4 17. Bxe4 Re8 18. d5 exd5 19. cxd5 Bd6 20. Qd3 c5 21. Bxh7+ Kh8 22. f4 c4 23. bxc4 Bc5+ 24. Kg2 Re3 25. Qc2 Bg4 26. Re1 Qe8 27. Rxe3 Qxe3 28. Rf1 Be2 29. Bc1 Bxf1+ 30. Kxf1 Qf3+ 0-1

[Event "Provincial-ch Burjassot Preferente"]
[Site "Valencia"]
[Date "2011.10.22"]
[Round "3"]
[White "Victoria de Marco, Jose Andres"]
[Black "Benedito Salavert, Jaime"]
[Result "0-1"]
[WhiteElo "1851"]
[BlackElo "1993"]
[PlyCount "192"]
[EventDate "2011.10.01"]
[EventType "swiss"]
[EventRounds "7"]
[EventCountry "ESP"]
[SourceTitle "EXT 2024"]
[Source "ChessBase"]
[SourceDate "2023.10.10"]
[SourceVersion "1"]
[SourceVersionDate "2023.10.10"]
[SourceQuality "1"]

1. e4 c6 2. d4 d5 3. exd5 cxd5 4. c4 Nc6 5. Nc3 e5 6. dxe5 d4 7. Nd5 Be6 8. Nf4 Qa5+ 9. Bd2 Qxe5+ 10. Qe2 Bxc4 11. Qxe5+ Nxe5 12. Bxc4 Nxc4 13. Nf3 Nxd2 14. Kxd2 0-0-0 15. Rac1+ Kb8 16. Rc4 Nh6 17. Rxd4 Rxd4+ 18. Nxd4 Bc5 19. Kc3 Re8 20. Nd3 Bxd4+ 21. Kxd4 Ng4 22. Rc1 Re2 23. Rf1 f6 24. h3 Ne5 25. Nxe5 fxe5+ 26. Kc3 Kc7 27. f4 e4 28. g4 Rh2 29. Re1 Rxh3+ 30. Kd4 Rh4 31. Rg1 Rh2 32. Kxe4 Rxb2 33. Rh1 h6 34. Kf5 Rb6 35. Re1 Rf6+ 36. Ke5 Kd7 37. Rb1 b6 38. Rd1+ Ke7 39. Ke4 Re6+ 40. Kf3 Rc6 41. Re1+ Kf7 42. Re3 Rc4 43. Rd3 Ra4 44. a3 a5 45. Rb3 b5 46. Rxb5 Rxa3+ 47. Ke4 Ra1 48. Rb7+ Kf6 49. Rb6+ Kf7 50. Rb7+ Kg8 51. Kf5 Kh7 52. g5 hxg5 53. Kxg5 a4 54. Ra7 a3 55. Kf5 a2 56. Ra3 g6+ 57. Kf6 Rf1 58. Rxa2 Rxf4+ 59. Kg5 Rf5+ 60. Kg4 Rf1 61. Rh2+ Kg7 62. Ra2 Rg1+ 63. Kh3 Kh6 64. Ra4 Kh5 65. Rh4+ Kg5 66. Ra4 Rf1 67. Kg3 Rf5 68. Rh4 Kf6 69. Ra4 Rb5 70. Kg4 Kg7 71. Rc4 Kh6 72. Ra4 Rb1 73. Rc4 Rg1+ 74. Kh3 g5 75. Rc6+ Kh5 76. Rc5 Rb1 77. Kg3 Rb3+ 78. Kg2 Kh4 79. Rc8 Rb4 80. Ra8 Rb2+ 81. Kg1 g4 82. Ra4 Kh3 83. Ra8 Rb1+ 84. Kf2 g3+ 85. Kf3 Rf1+ 86. Ke2 Rf2+ 87. Ke1 Rb2 88. Rh8+ Kg2 89. Rf8 Rb4 90. Ke2 Re4+ 91. Kd1 Kg1 92. Kd2 g2 93. Rf7 Kh2 94. Rf2 Kh1 95. Rf8 g1Q 96. Rf1 Qxf1 0-1

[Event "Mislata op-B 45th"]
[Site "Mislata"]
[Date "2011.08.20"]
[Round "8"]
[White "Benedito Salavert, Jaime"]
[Black "Gomez Benitez, David Isaac"]
[Result "1/2-1/2"]
[WhiteElo "1996"]
[BlackElo "2088"]
[PlyCount "60"]
[EventDate "2011.08.15"]
[EventType "swiss"]
[EventRounds "9"]
[EventCountry "ESP"]
[SourceTitle "EXT 2014"]
[Source "ChessBase"]
[SourceDate "2013.11.20"]
[SourceVersion "1"]
[SourceVersionDate "2013.11.20"]
[SourceQuality "1"]

1. d4 d5 2. Nf3 c6 3. c4 e6 4. Nc3 dxc4 5. a4 Bb4 6. e3 b5 7. Ne5 Bb7 8. Bd2 Bxc3 9. Bxc3 a5 10. d5 Nf6 11. dxc6 Qxd1+ 12. Rxd1 Nxc6 13. axb5 Nxe5 14. Bxe5 Rc8 15. Rc1 Ke7 16. f3 Nd5 17. Bxg7 Rhg8 18. Bd4 e5 19. Bxe5 Nxe3 20. Kf2 Nxf1 21. Rhxf1 Rc5 22. Rfe1 Rxb5 23. Rxc4 Rc8 24. Bg7+ Kd6 25. Rd1+ Ke7 26. Rxc8 Bxc8 27. Bc3 Bd7 28. Ra1 a4 29. Rxa4 Rxb2+ 30. Bxb2 Bxa4 1/2-1/2

[Event "Mislata op-B 45th"]
[Site "Mislata"]
[Date "2011.08.18"]
[Round "6"]
[White "Benedito Salavert, Jaime"]
[Black "Aparisi Arnandis, Bernardo"]
[Result "0-1"]
[WhiteElo "1996"]
[BlackElo "2040"]
[PlyCount "56"]
[EventDate "2011.08.15"]
[EventType "swiss"]
[EventRounds "9"]
[EventCountry "ESP"]
[SourceTitle "EXT 2014"]
[Source "ChessBase"]
[SourceDate "2013.11.20"]
[SourceVersion "1"]
[SourceVersionDate "2013.11.20"]
[SourceQuality "1"]

1. d4 d5 2. Nf3 Nf6 3. c4 c6 4. Nc3 e6 5. Bg5 Nbd7 6. e3 Qa5 7. Bxf6 Nxf6 8. Nd2 Qd8 9. Bd3 a6 10. c5 g6 11. 0-0 Nd7 12. f4 b6 13. b4 b5 14. a4 Rb8 15. axb5 axb5 16. Ra7 Bg7 17. Nb3 Bb7 18. Na5 Ba8 19. Nxc6 Bxc6 20. Bxb5 Rxb5 21. Nxb5 Bxb5 22. Rf2 Qc8 23. Qa1 0-0 24. Qa5 Qc6 25. Ra2 Rc8 26. Ra8 Nb8 27. Qa7 Qe8 28. Rc2 Bc6 0-1

[Event "Provincial-ch Valencia Preferente"]
[Site "Valencia"]
[Date "2009.10.31"]
[Round "3.10"]
[White "Benedito Salavert, Jaime"]
[Black "Gadea Iafigliola, Gabriel Fernan"]
[Result "1/2-1/2"]
[WhiteElo "1982"]
[BlackElo "1936"]
[PlyCount "73"]
[EventDate "2009.10.03"]
[EventType "swiss"]
[EventRounds "7"]
[EventCountry "ESP"]
[SourceTitle "EXT 2024"]
[Source "ChessBase"]
[SourceDate "2023.10.10"]
[SourceVersion "1"]
[SourceVersionDate "2023.10.10"]
[SourceQuality "1"]

1. Nf3 Nf6 2. g3 b6 3. Bg2 Bb7 4. 0-0 e6 5. c4 Be7 6. d3 0-0 7. b3 d6 8. Bb2 Nbd7 9. Nbd2 c5 10. e3 Qc7 11. d4 Ne4 12. Ne1 Nxd2 13. Bxb7 Nxf1 14. Bxa8 Nxe3 15. fxe3 Rxa8 16. Nd3 Bf6 17. Qf3 Rf8 18. Nf4 g6 19. Rf1 Bg7 20. g4 Qc8 21. g5 Qa8 22. Qg4 Qe4 23. Qf3 Qxf3 24. Rxf3 cxd4 25. exd4 Nc5 26. Re3 Nb7 27. Ne2 Rd8 28. Nf4 Rd7 29. Re2 Nd8 30. Kg2 Rc7 31. h4 h5 32. Kf3 a6 33. a4 Bf8 34. Nd3 Kg7 35. d5+ e5 36. Nxe5 Kg8 37. Nd3 1/2-1/2

[Event "Valencia Autonomico Center"]
[Site "Valencia"]
[Date "2004.01.24"]
[Round "2.2"]
[White "Benedito Salavert, Jaime"]
[Black "Del Arco Gimeno, Juan"]
[Result "1-0"]
[WhiteElo "2135"]
[BlackElo "2123"]
[PlyCount "65"]
[EventDate "2004.01.17"]
[EventType "team"]
[EventRounds "4"]
[EventCountry "ESP"]
[SourceTitle "CBM 098 Extra"]
[Source "ChessBase"]
[SourceDate "2004.03.10"]
[SourceVersion "2"]
[SourceVersionDate "2004.03.10"]
[SourceQuality "1"]

1. d4 Nf6 2. Nf3 g6 3. c4 c5 4. d5 Bg7 5. Nc3 d6 6. e4 0-0 7. Be2 a6 8. 0-0 Nbd7 9. h3 Rb8 10. a4 b6 11. Bf4 Ne8 12. Qd2 Qc7 13. Bh6 Ndf6 14. Bxg7 Kxg7 15. Nh4 Bd7 16. f4 e6 17. f5 e5 18. fxg6 hxg6 19. Qg5 Rh8 20. Nf5+ Bxf5 21. exf5 Qd8 22. fxg6 fxg6 23. Bd3 Rh6 24. Rf3 Nh5 25. Rf7+ Kxf7 26. Qxh6 Nf4 27. Rf1 Nf6 28. Bxg6+ Kg8 29. g3 Rb7 30. gxf4 Rg7 31. Kh1 Qe7 32. Bf5 exf4 33. Be6+ 1-0

[Event "Cullera op U2300 24th"]
[Site "Cullera"]
[Date "2003.07.21"]
[Round "5"]
[White "Garcia Gata, Jorge David"]
[Black "Benedito Salavert, Jaime"]
[Result "1/2-1/2"]
[WhiteElo "2063"]
[BlackElo "2143"]
[PlyCount "77"]
[EventDate "2003.07.17"]
[EventType "swiss"]
[EventRounds "9"]
[EventCountry "ESP"]
[SourceTitle "CBM 095 Extra"]
[Source "ChessBase"]
[SourceDate "2003.09.04"]
[SourceVersion "1"]
[SourceVersionDate "2003.09.04"]
[SourceQuality "1"]

1. d4 Nf6 2. c4 e6 3. Nc3 c5 4. d5 exd5 5. cxd5 d6 6. e4 g6 7. f4 Bg7 8. Bb5+ Nfd7 9. a4 0-0 10. Nf3 Re8 11. 0-0 a6 12. Bd3 Nf6 13. h3 Nbd7 14. Re1 Qc7 15. Be3 Rb8 16. Nd2 Nf8 17. Bf2 N6d7 18. Nc4 Nb6 19. e5 Nxc4 20. Bxc4 b6 21. exd6 Rxe1+ 22. Qxe1 Qxd6 23. Ne4 Qd7 24. Bh4 Bb7 25. Bf6 Qf5 26. Bxg7 Kxg7 27. Nd6 Qxf4 28. Nxb7 Rxb7 29. Bxa6 Rc7 30. Qc3+ f6 31. Bb5 Nd7 32. Rf1 Qe5 33. Qd2 Qd6 34. Re1 Ne5 35. Rc1 Rc8 36. b3 Rd8 37. Bc4 Nc6 38. Qc3 Nd4 39. Qe3 1/2-1/2

[Event "Silla Christmas op"]
[Site "Silla"]
[Date "2001.12.28"]
[Round "5.2"]
[White "Rodriguez Valencoso, Juan Carlos"]
[Black "Benedito Salavert, Jaime"]
[Result "1-0"]
[WhiteElo "2128"]
[BlackElo "1952"]
[PlyCount "95"]
[EventDate "2001.12.23"]
[EventType "swiss"]
[EventRounds "8"]
[EventCountry "ESP"]
[SourceTitle "EXT 2003"]
[Source "ChessBase"]
[SourceDate "2002.11.25"]
[SourceVersion "1"]
[SourceVersionDate "2002.11.25"]
[SourceQuality "1"]

1. e4 c6 2. d4 d5 3. Nd2 g6 4. c3 Bg7 5. Bd3 dxe4 6. Nxe4 Nd7 7. Nf3 Ngf6 8. Ng3 Qc7 9. 0-0 0-0 10. Re1 Re8 11. Ne5 Nd5 12. f4 b6 13. Be4 Bb7 14. c4 N5f6 15. Bf3 Rad8 16. Qe2 e6 17. b4 Bf8 18. Rb1 Rb8 19. Bd2 c5 20. dxc5 bxc5 21. b5 Nb6 22. Bxb7 Qxb7 23. Nc6 Ra8 24. Bc3 Bg7 25. Na5 Qc8 26. Red1 Na4 27. Be5 Nd7 28. Bxg7 Kxg7 29. Qc2 Nab6 30. Ne4 Qc7 31. Nd6 Rg8 32. Nc6 Nd5 33. cxd5 Qxd6 34. dxe6 Qxe6 35. Re1 Qf6 36. Rbd1 Rgd8 37. Nxd8 Rxd8 38. Rf1 a6 39. bxa6 Qxa6 40. f5 Qc6 41. fxg6 hxg6 42. Qc3+ f6 43. Qf3 Ne5 44. Qxc6 Nxc6 45. Rxd8 Nxd8 46. a4 Kf7 47. Re1 Nc6 48. Rc1 1-0